Archiv orientální journal of the Czechoslovak Oriental Institute, Prague.
| Título anterior: | Archivum orientale Pragense |
|---|---|
| Autores Corporativos: | , , |
| Formato: | Electrónico Revista |
| Lenguaje: | francés inglés alemán ruso |
| Publicado: |
Praha :
Orientální ústav,
[1946]-
|
| Materias: | |
| Acceso en línea: | Full text available from Research Library: 01/01/2011 to 2 years ago |
MARC
| LEADER | 00000nas a2200000 a 4500 | ||
|---|---|---|---|
| 001 | ssj0000991566 | ||
| 003 | WaSeSS | ||
| 005 | 20200512172242.0 | ||
| 006 | m d | ||
| 007 | cr n | ||
| 008 | 800506c19469999xr tx p s 0 b0fre c | ||
| 010 | |a 33039189 |z sn 86000343 | ||
| 022 | |l 0044-8699 |y 0044-8699 | ||
| 035 | |a (WaSeSS)ssj0000991566 | ||
| 040 | |a BTI |b eng |c BTI |d HUL |d AIP |d OCL |d AIP |d DLC |d NST |d IUL |d GUA |d OCLCQ |d DLC |d SINLB |d OCLCQ |d IUL |d TXA |d OCLCF |d OCLCO |d CUS |d DLC |d OCLCQ |d WaSeSS | ||
| 041 | 0 | |a fre |a eng |a ger |a rus | |
| 042 | |a nsdp |a pcc | ||
| 043 | |a a------ | ||
| 050 | 0 | 0 | |a DS1 |b .A47 |
| 082 | 0 | 4 | |a 950 |2 21 |
| 130 | 0 | |a Archiv orientální (Prague, Czech Republic : 1946) | |
| 210 | 0 | |a Arch. orient. | |
| 222 | 0 | |a Archiv orientální | |
| 245 | 1 | 0 | |a Archiv orientální |h [electronic resource] : |b journal of the Czechoslovak Oriental Institute, Prague. |
| 246 | 1 | 3 | |a Ar Or |f 1974- |
| 260 | |a Praha : |b Orientální ústav, |c [1946]- | ||
| 310 | |a Three issues a year, |b 2011- | ||
| 321 | |a Four issues a year, |b 1946-1960 | ||
| 321 | |a Annual, |b 1962-1995 | ||
| 321 | |a Four issues a year, |b 1996-<2000> | ||
| 321 | |a Annual, |b <1972> | ||
| 321 | |a Four issues a year, |b 2005-2010 | ||
| 362 | 0 | |a Vol. 15, no. 3-4 (June 1946)- | |
| 500 | |a Published: Academia, <1986-> | ||
| 500 | |a Title from cover. | ||
| 500 | |a Subtitle varies. | ||
| 506 | |a License restrictions may limit access. | ||
| 546 | |a English, French, German, and Russian. | ||
| 550 | |a Issued by the Československý orientální ústav v Praze, 1946-52; by the Orientální ústav of the Československá akademie věd, 1953-<1986>; by the Orientální ústav of Akademie věd České republiky, <2006-> | ||
| 650 | 0 | |a Oriental philology |v Periodicals. | |
| 650 | 7 | |a Oriental philology. |2 fast |0 (OCoLC)fst01048118 | |
| 651 | 0 | |a Orient |v Periodicals. | |
| 651 | 7 | |a Asia |z Orient. |2 fast |0 (OCoLC)fst01243621 | |
| 655 | 0 | |a Electronic journals. | |
| 710 | 2 | |a Československý orientální ústav v Praze. | |
| 710 | 2 | |a Orientální ústav (Československá akademie věd) | |
| 710 | 2 | |a Orientální ústav (Akademie věd České republiky) | |
| 780 | 0 | 0 | |t Archivum orientale Pragense |w (DLC) 89657283 |w (OCoLC)7504985 |
| 850 | |a CoU |a DLC |a FU |a InU |a MH-HY |a NNC |a NcRS | ||
| 856 | 4 | 0 | |z Full text available from Research Library: 01/01/2011 to 2 years ago |u https://search.proquest.com/publication/2027633 |